| 000 | 00662cam a2200205 a 4500 | ||
|---|---|---|---|
| 020 | _a9781555705930 (alk. paper) | ||
| 020 | _a1555705936 (alk. paper) | ||
| 040 | _cDLC | ||
| 082 | 0 | 0 | _a027 NSP 2007 C152 Or. |
| 100 | 1 | _aDoyle, Miranda, | |
| 245 | 1 | 0 | _a101+ great ideas for teen library Web sites / |
| 246 | 3 | _aOne hundred and one plus great ideas for teen library Web sites | |
| 260 |
_aNew York : _bNeal-Schuman Publishers, _cc2007 |
||
| 300 |
_axx, 307 p. : _bill. ; _c23 cm |
||
| 650 | 0 | _aLibrary Web sites | |
| 650 | 0 | _aWeb sites for teenagers | |
| 650 | 0 | _aInternet in young adults' libraries | |
| 650 | 0 | _aLibraries and teenagers | |
| 942 | _cAEDBB | ||
| 999 |
_c18756 _d18756 |
||